Я пишу по-русски. Базовый уровень

Guardado en:
Detalles Bibliográficos
Autor principal: Беляева Г. Б.
Formato: Libro
Lenguaje:Russian
Publicado: Москва 2008
Materias:
Etiquetas: Agregar Etiqueta
Sin Etiquetas, Sea el primero en etiquetar este registro!
Thư viện lưu trữ: Mạng thư viện Đại học Đà Nẵng
LEADER 01185cam a22003251a 4500
001 000041119
003 17415
005 20160419000000.0
008 160419s2008 000 rus
041 |a rus 
082 |a 491.784  |b Бе-Б  |2 Đọc - Viết 3,4 
100 |a Беляева Г. Б. 
245 |a Я пишу по-русски. Базовый уровень  |c Беляева Г. Б, Луцкая Н. Э 
260 |a Москва  |c 2008 
300 |a 138tr. : mh ; 30cm 
650 |a Я пишу по-русски. Базовый уровень, Đọc - Viết 3,4, Đọc, Viết. 
852 |b Chuyên đề  |c Giáo trình 
OWN |a LNN 
AVA |a UDN50  |b LNN  |d 491.784 Бе-Б  |e available  |t Error 5001 Not defined in file expand_doc_bib_avail.  |f 1  |g 0  |h N  |i 0  |k 1 
999 |a From the UDN01 
AVA |a UDN50  |b LNN  |d 491.784 Бе-Б  |e available  |t Error 5001 Not defined in file expand_doc_bib_avail.  |f 1  |g 0  |h N  |i 0  |k 1 
TYP |a Monograph 
TYP |a Printed language 
980 |a Mạng thư viện Đại học Đà Nẵng